[Event "Spring open (woman)"]
[Site "Budapest"]
[Date "2015.04.07"]
[Round "1"]
[White "Erdos, Boglarka"]
[Black "Rajlich, Iweta"]
[Result "1/2-1/2"]
[WhiteElo "2176"]
[BlackElo "2406"]
[PlyCount "177"]
[EventDate "2015.04.07"]
[EventType "swiss"]
[EventRounds "9"]
[EventCountry "HUN"]
[Source "Hun. Chess Fed."]
[SourceDate "2015.04.15"]

1. Nf3 d5 2. g3 Nf6 3. Bg2 e6 4. O-O Be7 5. c4 d4 6. e3 c5 7. exd4 cxd4 8. d3
O-O 9. Bg5 Nc6 10. Nbd2 a5 11. Re1 Nd7 12. Bxe7 Qxe7 13. a3 Rd8 14. Qe2 a4 15.
Ne4 h6 16. Rad1 Ra5 17. h3 Nf8 18. Nh2 e5 19. Nd2 Qc7 20. Rb1 Be6 21. b4 axb3
22. Rxb3 Rda8 23. Reb1 R8a7 24. Ng4 Rxa3 25. Bxc6 Rxb3 26. Nxb3 Bxg4 27. hxg4
bxc6 28. Nc5 Qe7 29. Ne4 Nd7 30. Kg2 f6 31. Qf3 Qe6 32. Rh1 Nf8 33. Rb1 Nd7 34.
Rh1 Nf8 35. Rb1 Rf7 36. Rb6 f5 37. gxf5 Rxf5 38. Qg4 h5 39. Qh4 Ng6 40. Rb8+
Nf8 41. Rd8 Qf7 42. Rc8 Qg6 43. Qh3 Rf7 44. Rd8 Re7 45. Qc8 Rf7 46. Rd6 Qg4 47.
Qxg4 hxg4 48. Rxc6 Rf3 49. Nc5 Kf7 50. Kf1 Ke7 51. Ke2 Rf6 52. Rc7+ Kd6 53. Rc8
Ke7 54. Ne4 Rg6 55. Rc7+ Kd8 56. Ra7 Nd7 57. Ra8+ Ke7 58. Ra7 Kd8 59. Ra8+ Ke7
60. Ra7 Rc6 61. Ra8 Rb6 62. Rg8 Kf7 63. Rd8 Nf6 64. Ng5+ Kg6 65. Ne4 Kf5 66.
Nd6+ Ke6 67. Nb5 Ke7 68. Ra8 Nd5 69. Ra7+ Kf6 70. Kd2 Ne7 71. Ra8 Ke6 72. Ra6
Rxa6 73. Nc7+ Kd7 74. Nxa6 Kc6 75. Nb4+ Kc5 76. Nc2 Nf5 77. Ne1 Nd6 78. f3 gxf3
79. Nxf3 e4 80. dxe4 Nxe4+ 81. Kd3 Nf2+ 82. Ke2 Ne4 83. Kd3 Nf2+ 84. Ke2 Nh1
85. Kd3 Nxg3 86. Nxd4 g6 87. Ne6+ Kd6 88. Nf4 g5 89. Nh3 1/2-1/2

[Event "Spring open (woman)"]
[Site "Budapest"]
[Date "2015.04.07"]
[Round "1"]
[White "Nomin-Erdene, Davaademberel"]
[Black "Dave, Dhyani"]
[Result "1/2-1/2"]
[WhiteElo "2371"]
[BlackElo "2157"]
[PlyCount "214"]
[EventDate "2015.04.07"]
[EventType "swiss"]
[EventRounds "9"]
[EventCountry "HUN"]
[Source "Hun. Chess Fed."]
[SourceDate "2015.04.15"]

1. e4 c5 2. Nf3 d6 3. d4 cxd4 4. Nxd4 Nf6 5. Nc3 a6 6. Be3 e5 7. Nf3 Be7 8. Bc4
Be6 9. Bb3 Nbd7 10. O-O Bxb3 11. axb3 O-O 12. Qe2 b5 13. Rfd1 Qc7 14. Bg5 Rfc8
15. Rd2 b4 16. Nd5 Nxd5 17. exd5 Bxg5 18. Nxg5 Nc5 19. Qg4 a5 20. Ne4 Nxe4 21.
Qxe4 Qd7 22. Qe3 Rc5 23. f4 exf4 24. Qxf4 Re8 25. Rf1 Re5 26. Qf3 Qb7 27. Rfd1
Qc7 28. Qf2 Qe7 29. h3 h6 30. Qd4 Re4 31. Qd3 Re3 32. Qd4 Re4 33. Qf2 Re5 34.
Kh1 Qg5 35. Qd4 Qf5 36. c3 Re4 37. Qd3 Qe5 38. c4 Re3 39. Qc2 a4 40. bxa4 b3
41. Qc1 Re4 42. Qb1 Rcxc4 43. Qd3 Rxa4 44. Qxb3 Re1+ 45. Rxe1 Qxe1+ 46. Kh2
Qxd2 47. Qxa4 Qxd5 48. Qe8+ Kh7 49. b4 Qc4 50. b5 Qf4+ 51. Kg1 Qc1+ 52. Kf2
Qf4+ 53. Ke2 Qc4+ 54. Kf3 Qd3+ 55. Kf2 Qd4+ 56. Qe3 Qb2+ 57. Qe2 Qd4+ 58. Kf1
d5 59. Qc2+ g6 60. Qb3 Qf4+ 61. Ke2 Qe4+ 62. Kf2 Qd4+ 63. Kg3 Qe5+ 64. Kf3 Qe4+
65. Kf2 Qd4+ 66. Ke2 Qe4+ 67. Kd1 Qd4+ 68. Kc2 Qc5+ 69. Kb2 Qf2+ 70. Ka3 Qa7+
71. Kb4 Qd4+ 72. Ka5 Qa7+ 73. Kb4 Qd4+ 74. Ka3 Qa7+ 75. Kb2 Qf2+ 76. Qc2 Qf6+
77. Kb3 d4 78. Qd3 Qe6+ 79. Kb4 Qd5 80. Qf3 Qd6+ 81. Kc4 Kg8 82. Qd3 Qc7+ 83.
Kxd4 Kf8 84. Qe4 Qa7+ 85. Ke5 Qb8+ 86. Kd4 Qxb5 87. Qa8+ Kg7 88. Ke3 Qe5+ 89.
Kf3 f5 90. Qb7+ Kf6 91. Qb6+ Qe6 92. Qd8+ Kg7 93. Qc7+ Qf7 94. Qc3+ Kh7 95. Qc6
g5 96. Qb5 Qe6 97. Qb7+ Kg6 98. Qa8 Qb3+ 99. Kf2 Qb2+ 100. Kg1 Qd4+ 101. Kh1 h5
102. Qe8+ Kg7 103. Qxh5 Qa1+ 104. Kh2 Qe5+ 105. Kg1 Qe1+ 106. Kh2 Qe5+ 107. g3
Qb2+ 1/2-1/2

[Event "Spring open (woman)"]
[Site "Budapest"]
[Date "2015.04.07"]
[Round "1"]
[White "Juhasz, Barbara"]
[Black "Gara, Anita"]
[Result "1/2-1/2"]
[WhiteElo "2139"]
[BlackElo "2331"]
[PlyCount "35"]
[EventDate "2015.04.07"]
[EventType "swiss"]
[EventRounds "9"]
[EventCountry "HUN"]
[Source "Hun. Chess Fed."]
[SourceDate "2015.04.15"]

1. e4 c5 2. Nf3 e6 3. b3 a6 4. Bb2 Nc6 5. g3 d5 6. exd5 exd5 7. Qe2+ Qe7 8. d4
Bg4 9. Nbd2 cxd4 10. O-O-O Nb4 11. Qxe7+ Nxe7 12. Kb1 Rc8 13. Rc1 Ng6 14. h3
Bd7 15. Nxd4 Be7 16. Bg2 O-O 17. N2f3 a5 18. h4 1/2-1/2

[Event "Spring open (woman)"]
[Site "Budapest"]
[Date "2015.04.07"]
[Round "1"]
[White "Nikolova, Adriana"]
[Black "Terbe, Zsuzsanna"]
[Result "1-0"]
[WhiteElo "2329"]
[BlackElo "2129"]
[PlyCount "73"]
[EventDate "2015.04.07"]
[EventType "swiss"]
[EventRounds "9"]
[EventCountry "HUN"]
[Source "Hun. Chess Fed."]
[SourceDate "2015.04.15"]

1. e4 c5 2. Nf3 Nc6 3. c3 d5 4. exd5 Qxd5 5. d4 Bf5 6. dxc5 Qxd1+ 7. Kxd1
O-O-O+ 8. Ke1 e5 9. Be3 Nge7 10. b4 Nd5 11. Bc4 f6 12. Ke2 Nce7 13. Rc1 Nxe3
14. fxe3 g6 15. Na3 Nd5 16. h3 a6 17. Bb3 Kc7 18. Nc4 Bh6 19. g4 Be6 20. Nb6
Rhe8 21. Nxd5+ Bxd5 22. Bxd5 Rxd5 23. Rd1 Red8 24. Rxd5 Rxd5 25. e4 Rd7 26. Rd1
Rxd1 27. Kxd1 Kd7 28. Kc2 Ke6 29. Kd3 Bf8 30. Nd2 Be7 31. Nc4 Bd8 32. a4 Kd7
33. Ne3 Kc6 34. h4 h6 35. h5 gxh5 36. gxh5 Be7 37. Kc4 1-0

[Event "Spring open (woman)"]
[Site "Budapest"]
[Date "2015.04.07"]
[Round "1"]
[White "Erseki, Tamara"]
[Black "Vajda, Szidonia"]
[Result "0-1"]
[WhiteElo "1861"]
[BlackElo "2323"]
[PlyCount "140"]
[EventDate "2015.04.07"]
[EventType "swiss"]
[EventRounds "9"]
[EventCountry "HUN"]
[Source "Hun. Chess Fed."]
[SourceDate "2015.04.15"]

1. e4 c5 2. Nf3 d6 3. d4 cxd4 4. Nxd4 Nf6 5. Nc3 a6 6. Bc4 e6 7. f3 b5 8. Bb3
Nbd7 9. Be3 Nc5 10. Qd2 Bb7 11. O-O-O Qc7 12. Kb1 Be7 13. Ndxb5 axb5 14. Nxb5
Qb6 15. Nxd6+ Bxd6 16. Qxd6 Qxd6 17. Rxd6 Nxb3 18. axb3 Ra6 19. Rhd1 Rxd6 20.
Rxd6 Nd7 21. c4 Ke7 22. Rd3 Rc8 23. Rc3 Ba6 24. Bd4 f6 25. Kc2 Nf8 26. Kd3 Ng6
27. g3 Ne5+ 28. Ke3 Kd6 29. h3 Rb8 30. Bxe5+ fxe5 31. f4 exf4+ 32. gxf4 Kc5 33.
Rd3 Rb6 34. e5 Bb7 35. Kd2 Be4 36. Rg3 Kd4 37. Rc3 Rb4 38. h4 g6 39. Ke2 h5 40.
Kd2 Kc5 41. Re3 Kd4 42. Rc3 Rb8 43. c5 Rc8 44. Rc4+ Kd5 45. Ke3 Bf5 46. Rd4+
Kc6 47. b4 Kb5 48. Kd2 Ra8 49. Kc3 Ra1 50. Rd6 Rc1+ 51. Kb3 Bc2+ 52. Kc3 Be4+
53. Kd2 Rc2+ 54. Ke3 Bd5 55. Rb6+ Ka4 56. Kd3 Rc4 57. c6 Rxc6 58. Rxc6 Bxc6 59.
Kc4 Bd5+ 60. Kc5 Kb3 61. b5 Kxb2 62. b6 Kc3 63. Kd6 Kd4 64. b7 Bxb7 65. Kxe6
Ke4 66. Kf6 Kxf4 67. Kxg6 Kg4 68. e6 Kxh4 69. e7 Bc6 70. Kf5 Kg3 0-1

[Event "Spring open (woman)"]
[Site "Budapest"]
[Date "2015.04.07"]
[Round "1"]
[White "Sedina, Elena"]
[Black "Majoros, Rozsa"]
[Result "1-0"]
[WhiteElo "2305"]
[BlackElo "1699"]
[PlyCount "89"]
[EventDate "2015.04.07"]
[EventType "swiss"]
[EventRounds "9"]
[EventCountry "HUN"]
[Source "Hun. Chess Fed."]
[SourceDate "2015.04.15"]

1. e4 e6 2. d4 d5 3. e5 c5 4. c3 Nc6 5. Nf3 Qb6 6. Be2 Nge7 7. Na3 Nf5 8. Nc2
Bd7 9. O-O Be7 10. dxc5 Qxc5 11. Bd3 O-O 12. c4 d4 13. Qe2 Rfd8 14. g4 Nh4 15.
Nxh4 Bxh4 16. g5 Nxe5 17. b4 Qc7 18. Bf4 f6 19. gxf6 Bxf6 20. Rae1 Ba4 21. Bxe5
Bxe5 22. Qxe5 Qxe5 23. Rxe5 Bxc2 24. Bxc2 d3 25. Bb3 Kf7 26. c5 Re8 27. Rd1
Rad8 28. Rd2 Rd4 29. a3 Kf6 30. Re3 e5 31. Rexd3 Rg4+ 32. Kf1 e4 33. Rd7 e3 34.
Rf7+ Kg6 35. Rd6+ Kh5 36. Bd1 exf2 37. h3 Kh4 38. Bxg4 h5 39. Rxg7 hxg4 40.
Rxg4+ Kxh3 41. Rg7 Rh8 42. Kxf2 Rf8+ 43. Kg1 Rh8 44. Rd2 Kh4 45. Rh2# 1-0

[Event "Spring open (woman)"]
[Site "Budapest"]
[Date "2015.04.07"]
[Round "1"]
[White "Jurak, Miklosne"]
[Black "Gara, Ticia"]
[Result "0-1"]
[WhiteElo "1666"]
[BlackElo "2282"]
[PlyCount "68"]
[EventDate "2015.04.07"]
[EventType "swiss"]
[EventRounds "9"]
[EventCountry "HUN"]
[Source "Hun. Chess Fed."]
[SourceDate "2015.04.15"]

1. d4 Nf6 2. c4 c5 3. d5 e6 4. Nc3 exd5 5. cxd5 d6 6. e4 g6 7. Nf3 Bg7 8. Bd3
O-O 9. O-O Na6 10. a3 Nc7 11. Rb1 Re8 12. Nd2 Rb8 13. b4 Nh5 14. Ne2 b5 15.
bxc5 dxc5 16. Qc2 Qe7 17. Ng3 Nf4 18. Nf3 Nxd3 19. Qxd3 c4 20. Qc2 Qc5 21. Nd2
Bd7 22. Nf3 a5 23. Bf4 Rbc8 24. Be3 Qxa3 25. Bd4 Bxd4 26. Nxd4 Qc5 27. Rfd1 Na6
28. Qa2 b4 29. Nc6 Bxc6 30. dxc6 b3 31. Qa1 Rxc6 32. Rd5 Qb6 33. Rxa5 c3 34.
Ra3 c2 0-1

[Event "Spring open (woman)"]
[Site "Budapest"]
[Date "2015.04.07"]
[Round "1"]
[White "Havanecz, Bianka"]
[Black "Demeter, Dorina"]
[Result "1-0"]
[WhiteElo "2244"]
[BlackElo "1662"]
[PlyCount "55"]
[EventDate "2015.04.07"]
[EventType "swiss"]
[EventRounds "9"]
[EventCountry "HUN"]
[Source "Hun. Chess Fed."]
[SourceDate "2015.04.15"]

1. d4 Nf6 2. c4 e6 3. Nc3 c5 4. d5 exd5 5. cxd5 d6 6. Nf3 g6 7. Nd2 Bg7 8. e4
O-O 9. Be2 a6 10. a4 Re8 11. O-O Nbd7 12. Qc2 Qc7 13. Ra3 b6 14. Nc4 Ne5 15.
Nxe5 Rxe5 16. Bf4 Re8 17. h3 Bd7 18. Bh2 Re7 19. Rd1 Rae8 20. e5 Rxe5 21. Bxe5
Rxe5 22. Bxa6 Bf5 23. Qd2 Ne4 24. Nxe4 Rxe4 25. Qc1 Bd4 26. Bd3 Re5 27. Bxf5
Rxf5 28. Rxd4 1-0

[Event "Spring open (woman)"]
[Site "Budapest"]
[Date "2015.04.07"]
[Round "1"]
[White "Papp, Andrea"]
[Black "Terbe, Julianna"]
[Result "0-1"]
[WhiteElo "1556"]
[BlackElo "2236"]
[PlyCount "62"]
[EventDate "2015.04.07"]
[EventType "swiss"]
[EventRounds "9"]
[EventCountry "HUN"]
[Source "Hun. Chess Fed."]
[SourceDate "2015.04.15"]

1. e4 c5 2. Nf3 Nc6 3. d4 cxd4 4. Nxd4 Nf6 5. Nc3 e5 6. Ndb5 d6 7. Bg5 a6 8.
Na3 b5 9. Nd5 Be7 10. Bxf6 Bxf6 11. c3 Ne7 12. Nxe7 Qxe7 13. Nc2 Bb7 14. Bd3
Rd8 15. Ne3 O-O 16. O-O Bg5 17. Qe2 g6 18. a4 bxa4 19. Rxa4 Qd7 20. Ra5 f5 21.
Bc4+ Kh8 22. Nd5 fxe4 23. Qxe4 Qc6 24. h4 Rf4 25. Qe3 Qxc4 26. hxg5 Bxd5 27.
Qb6 Re8 28. Qxd6 Bxg2 29. Rd1 Bf3 30. Rd4 Rxd4 31. Qf6+ Kg8 0-1

[Event "Spring open (woman)"]
[Site "Budapest"]
[Date "2015.04.07"]
[Round "1"]
[White "Varga, Klara"]
[Black "Pilmayer, Katalin Viola"]
[Result "1-0"]
[WhiteElo "2192"]
[BlackElo "1513"]
[PlyCount "75"]
[EventDate "2015.04.07"]
[EventType "swiss"]
[EventRounds "9"]
[EventCountry "HUN"]
[Source "Hun. Chess Fed."]
[SourceDate "2015.04.15"]

1. c4 e6 2. g3 d5 3. Bg2 Nf6 4. Nf3 Be7 5. O-O Nbd7 6. b3 c5 7. e3 Nb6 8. Qe2
O-O 9. Bb2 Re8 10. Rd1 Nfd7 11. Nc3 Bf6 12. d4 a6 13. Rac1 e5 14. dxe5 Nxe5 15.
Nxe5 Bxe5 16. Nxd5 Bxb2 17. Qxb2 Nxd5 18. Rxd5 Qe7 19. Qa3 Be6 20. Rxc5 Rac8
21. Rxc8 Bxc8 22. Qxe7 Rxe7 23. Rd1 Re8 24. c5 g6 25. b4 Kg7 26. a4 Re7 27. b5
a5 28. Rd8 Rc7 29. c6 b6 30. Bd5 Kf6 31. e4 Ke7 32. Rh8 h5 33. Bxf7 Kd6 34.
Bxg6 Kc5 35. Rxh5+ Kb4 36. Bf5 Kxa4 37. Bd7 Bxd7 38. Rh7 1-0

[Event "Spring open (woman)"]
[Site "Budapest"]
[Date "2015.04.07"]
[Round "1"]
[White "Palocz, Katalin"]
[Black "Dudas, Eszter"]
[Result "0-1"]
[WhiteElo "1366"]
[BlackElo "2187"]
[PlyCount "48"]
[EventDate "2015.04.07"]
[EventType "swiss"]
[EventRounds "9"]
[EventCountry "HUN"]
[Source "Hun. Chess Fed."]
[SourceDate "2015.04.15"]

1. e4 e6 2. d4 d5 3. exd5 exd5 4. Bd3 Bd6 5. c3 Nc6 6. Nf3 Nge7 7. O-O Bg4 8.
Bg5 f6 9. Be3 Qd7 10. Nbd2 O-O-O 11. Re1 g5 12. Qc2 Bf5 13. Rac1 Bxd3 14. Qxd3
Nf5 15. Nb3 Kb8 16. Rc2 g4 17. Nfd2 h5 18. c4 Nb4 19. Qc3 Nxc2 20. Qxc2 Nxe3
21. Rxe3 Bf4 22. Re1 Bxd2 23. Nxd2 dxc4 24. Nxc4 Qxd4 0-1

[Event "Spring open (woman)"]
[Site "Budapest"]
[Date "2015.04.08"]
[Round "2"]
[White "Terbe, Julianna"]
[Black "Nikolova, Adriana"]
[Result "1/2-1/2"]
[WhiteElo "2236"]
[BlackElo "2329"]
[PlyCount "180"]
[EventDate "2015.04.07"]
[EventType "swiss"]
[EventRounds "9"]
[EventCountry "HUN"]
[Source "Hun. Chess Fed."]
[SourceDate "2015.04.15"]

1. e4 c5 2. c3 Nf6 3. e5 Nd5 4. Nf3 Nc6 5. Bc4 Nb6 6. Bb3 d5 7. exd6 e6 8. O-O
Qxd6 9. d4 cxd4 10. cxd4 Na5 11. Bc2 Nd5 12. Nc3 Nc6 13. Nxd5 Qxd5 14. Bb3 Qd8
15. d5 exd5 16. Re1+ Be7 17. Qxd5 Be6 18. Qxd8+ Nxd8 19. Ba4+ Kf8 20. Nd4 a6
21. Nxe6+ Nxe6 22. Be3 b5 23. Bb3 Bf6 24. Rad1 Rd8 25. Rxd8+ Bxd8 26. f4 Bf6
27. Rd1 g6 28. Rd7 Bxb2 29. g4 Ke8 30. Ra7 Nd8 31. Bc5 Ne6 32. Bxe6 fxe6 33.
Rxa6 Kd7 34. Rd6+ Kc7 35. Rxe6 Ra8 36. f5 gxf5 37. gxf5 Rg8+ 38. Kf2 Rg5 39.
Ke3 Rxf5 40. Bd4 Bxd4+ 41. Kxd4 Rh5 42. Re5 Rh4+ 43. Kc5 Rxh2 44. Re7+ Kd8 45.
Rb7 Ke8 46. Kb4 Kf8 47. Rc7 Kg8 48. Kxb5 Rb2+ 49. Kc5 Rxa2 50. Kd4 Re2 51. Kd3
Re5 52. Rc4 Kg7 53. Re4 Rg5 54. Ke3 Kg6 55. Kf3 Kh5 56. Re2 Rf5+ 57. Kg2 Ra5
58. Rb2 Kg4 59. Rb4+ Kg5 60. Rb2 h5 61. Rc2 Ra4 62. Rb2 Rg4+ 63. Kh2 Kh4 64.
Rc2 Rb4 65. Ra2 Kg4 66. Rc2 Kf3 67. Ra2 Rh4+ 68. Kg1 Rd4 69. Ra3+ Kg4 70. Kg2
Rd2+ 71. Kh1 h4 72. Ra4+ Kf3 73. Ra3+ Kf4 74. Ra4+ Kg3 75. Ra3+ Kf2 76. Ra1 Rd3
77. Ra2+ Kg3 78. Ra1 Rb3 79. Rc1 Kf2 80. Rc2+ Kf3 81. Rc1 Kg3 82. Ra1 h3 83.
Rc1 Rb4 84. Rc3+ Kg4 85. Rc1 Rb2 86. Rc4+ Kf3 87. Rc3+ Kf2 88. Rxh3 Re2 89.
Rh2+ Kf3 90. Rxe2 Kxe2 1/2-1/2

[Event "Spring open (woman)"]
[Site "Budapest"]
[Date "2015.04.08"]
[Round "2"]
[White "Vajda, Szidonia"]
[Black "Havanecz, Bianka"]
[Result "1/2-1/2"]
[WhiteElo "2323"]
[BlackElo "2244"]
[PlyCount "90"]
[EventDate "2015.04.07"]
[EventType "swiss"]
[EventRounds "9"]
[EventCountry "HUN"]
[Source "Hun. Chess Fed."]
[SourceDate "2015.04.15"]

1. e4 c5 2. Nf3 d6 3. d4 cxd4 4. Nxd4 Nf6 5. Nc3 a6 6. Be2 e5 7. Nb3 Be6 8. O-O
Be7 9. Kh1 Nbd7 10. f4 exf4 11. Bxf4 Ne5 12. Nd4 Qd7 13. Qe1 Ng6 14. Rd1 O-O
15. Bc1 Rac8 16. Nf5 Ne8 17. Nxe7+ Qxe7 18. Qg3 b5 19. a3 Bc4 20. Bg4 Rc6 21.
Rf2 Nc7 22. Bf5 Be6 23. Bxg6 hxg6 24. Bg5 Qd7 25. Rfd2 Ne8 26. h3 Qb7 27. Bf4
a5 28. Nd5 Bxd5 29. exd5 Ra6 30. Rd4 Qd7 31. Qd3 Nf6 32. b3 Rc8 33. a4 Rb6 34.
axb5 Qxb5 35. Qxb5 Rxb5 36. c4 Rb6 37. Ra1 Ra8 38. b4 a4 39. c5 dxc5 40. bxc5
Rb5 41. Rdxa4 Rxa4 42. Rxa4 Rxc5 43. d6 Rd5 44. Kg1 g5 45. Be3 Rxd6 1/2-1/2

[Event "Spring open (woman)"]
[Site "Budapest"]
[Date "2015.04.08"]
[Round "2"]
[White "Dudas, Eszter"]
[Black "Sedina, Elena"]
[Result "0-1"]
[WhiteElo "2187"]
[BlackElo "2305"]
[PlyCount "90"]
[EventDate "2015.04.07"]
[EventType "swiss"]
[EventRounds "9"]
[EventCountry "HUN"]
[Source "Hun. Chess Fed."]
[SourceDate "2015.04.15"]

1. e4 e6 2. d4 d5 3. Nd2 c5 4. exd5 exd5 5. Ngf3 Nf6 6. Bb5+ Bd7 7. Bxd7+ Nbxd7
8. O-O Be7 9. dxc5 Nxc5 10. Nb3 Nce4 11. Nfd4 Nd6 12. Re1 O-O 13. Nc5 Re8 14.
Nd3 Qb6 15. c3 Nc4 16. Qb3 Bc5 17. Qxb6 Bxb6 18. f3 Rxe1+ 19. Nxe1 Re8 20. Kf2
h5 21. Nd3 Nd7 22. Bf4 Nc5 23. Nxc5 Bxc5 24. Rb1 Bxd4+ 25. cxd4 Na5 26. Re1
Rxe1 27. Kxe1 Nc6 28. Kd2 Nxd4 29. a4 a6 30. Be3 Nc6 31. Bb6 f6 32. Kc3 Kf7 33.
b4 Ke6 34. b5 axb5 35. axb5 Ne5 36. Kd4 Nc4 37. Bc5 b6 38. Bf8 Nd6 39. Bxd6
Kxd6 40. f4 g6 41. h4 Ke6 42. Ke3 Ke7 43. Kd3 Kd7 44. Ke3 Ke6 45. g3 Kd6 0-1

[Event "Spring open (woman)"]
[Site "Budapest"]
[Date "2015.04.08"]
[Round "2"]
[White "Gara, Ticia"]
[Black "Varga, Klara"]
[Result "1-0"]
[WhiteElo "2282"]
[BlackElo "2192"]
[PlyCount "107"]
[EventDate "2015.04.07"]
[EventType "swiss"]
[EventRounds "9"]
[EventCountry "HUN"]
[Source "Hun. Chess Fed."]
[SourceDate "2015.04.15"]

1. e4 e6 2. d4 d5 3. Nd2 Be7 4. c3 c5 5. dxc5 Nf6 6. exd5 Nxd5 7. Ngf3 Bxc5 8.
Nb3 Bb6 9. Bd3 h6 10. O-O Nc6 11. Qe2 O-O 12. c4 Nf6 13. Rd1 Qe7 14. Bf4 e5 15.
Nxe5 Nxe5 16. Qxe5 Bxf2+ 17. Kf1 Qxe5 18. Bxe5 Bh4 19. h3 Re8 20. Bh2 Ne4 21.
Bxe4 Rxe4 22. Nd2 Re8 23. Nf3 Bf6 24. Rd2 Be6 25. Rc1 Rac8 26. b3 b5 27. c5 b4
28. Bd6 a5 29. Re2 Bc3 30. Ne5 a4 31. Nc4 Bxc4 32. bxc4 Rxe2 33. Kxe2 Bb2 34.
Rd1 a3 35. Rd3 Bc3 36. Kd1 f5 37. Kc2 Kf7 38. Kb3 g5 39. c6 Rxc6 40. Bxb4 Bb2
41. c5 f4 42. Kc4 Ke6 43. Kb5 Rc8 44. Rd6+ Kf5 45. Rxh6 Bf6 46. Rh7 Rb8+ 47.
Kc4 Re8 48. c6 Re2 49. c7 Rc2+ 50. Kd5 Be5 51. Rf7+ Kg6 52. Kxe5 Kxf7 53. Kd6
Ke8 54. Bc5 1-0

[Event "Spring open (woman)"]
[Site "Budapest"]
[Date "2015.04.08"]
[Round "2"]
[White "Rajlich, Iweta"]
[Black "Juhasz, Barbara"]
[Result "1/2-1/2"]
[WhiteElo "2406"]
[BlackElo "2139"]
[PlyCount "157"]
[EventDate "2015.04.07"]
[EventType "swiss"]
[EventRounds "9"]
[EventCountry "HUN"]
[Source "Hun. Chess Fed."]
[SourceDate "2015.04.15"]

1. d4 Nf6 2. g3 g6 3. Bg2 Bg7 4. e4 d6 5. Ne2 O-O 6. O-O e5 7. h3 c6 8. Nbc3
Nbd7 9. Bg5 a6 10. dxe5 dxe5 11. Be3 Qe7 12. Qe1 b5 13. a3 Bb7 14. Nc1 c5 15.
Nb3 Rac8 16. Na5 Ba8 17. Rd1 Nb6 18. Bg5 h6 19. Bxf6 Qxf6 20. Qe3 Rfe8 21. Rfe1
Bf8 22. Nd5 Nxd5 23. exd5 Qb6 24. b4 Qf6 25. c3 cxb4 26. cxb4 Qd6 27. Be4 Bg7
28. g4 Rf8 29. Qf3 h5 30. g5 f5 31. gxf6 Rxf6 32. Qg2 Bh6 33. Nc6 Bf4 34. Rd3
Rc7 35. h4 Rg7 36. Qh3 Qc7 37. Kh1 Bb7 38. Rc3 Bd2 39. Re2 Bxc3 40. Qxc3 Bxc6
41. dxc6 Rf4 42. Bd5+ Kh7 43. Qxe5 Rxh4+ 44. Kg1 Qxe5 45. Rxe5 Rc7 46. Re6 Rg4+
47. Kf1 Rd4 48. Bb3 h4 49. Bc2 Rg4 50. Bd1 Rc4 51. Bf3 h3 52. Kg1 Rc3 53. Be4
Rg7 54. Re5 Kh6 55. Kh2 Rxa3 56. f3 Rc3 57. Kxh3 Rc4 58. Kg4 Rxb4 59. Re8 Kh7
60. Rb8 Rc4 61. Rb6 a5 62. Rxb5 a4 63. Rh5+ Kg8 64. Ra5 Kf8 65. Kg5 Rc7 66.
Kxg6 Ke7 67. Kf5 Kd6 68. Kf6 R7xc6 69. Bxc6 Kxc6 70. Ke6 Kb6 71. Ra8 Kb5 72.
Kd5 Rf4 73. Rb8+ Ka5 74. Kc5 Rf5+ 75. Kc4 Rxf3 76. Ra8+ Kb6 77. Rxa4 Rf4+ 78.
Kb3 Rxa4 79. Kxa4 1/2-1/2

[Event "Spring open (woman)"]
[Site "Budapest"]
[Date "2015.04.08"]
[Round "2"]
[White "Gara, Anita"]
[Black "Nomin-Erdene, Davaademberel"]
[Result "1/2-1/2"]
[WhiteElo "2331"]
[BlackElo "2371"]
[PlyCount "73"]
[EventDate "2015.04.07"]
[EventType "swiss"]
[EventRounds "9"]
[EventCountry "HUN"]
[Source "Hun. Chess Fed."]
[SourceDate "2015.04.15"]

1. e4 c6 2. d3 d5 3. Nd2 Qc7 4. Ngf3 Nd7 5. d4 dxe4 6. Nxe4 Ngf6 7. Nxf6+ Nxf6
8. Bc4 Bf5 9. O-O e6 10. Re1 Be7 11. c3 O-O 12. Bg5 Rfd8 13. Qe2 Nd5 14. Bxe7
Qxe7 15. Rad1 Qf6 16. Qe5 Qxe5 17. Nxe5 h6 18. g4 Bh7 19. h4 Rac8 20. Bb3 b5
21. Kh2 Rc7 22. Kg3 f6 23. Nd3 Bxd3 24. Rxd3 Kf7 25. f4 Re7 26. Rd2 f5 27. g5
h5 28. a4 a6 29. axb5 axb5 30. Ra1 Nc7 31. Re2 Ra8 32. g6+ Kf6 33. Rxa8 Nxa8
34. Re5 Nb6 35. Rc5 Rc7 36. Re5 Re7 37. Rc5 1/2-1/2

[Event "Spring open (woman)"]
[Site "Budapest"]
[Date "2015.04.08"]
[Round "2"]
[White "Dave, Dhyani"]
[Black "Erdos, Boglarka"]
[Result "1-0"]
[WhiteElo "2157"]
[BlackElo "2176"]
[PlyCount "147"]
[EventDate "2015.04.07"]
[EventType "swiss"]
[EventRounds "9"]
[EventCountry "HUN"]
[Source "Hun. Chess Fed."]
[SourceDate "2015.04.15"]

1. e4 e5 2. Nf3 Nc6 3. Bc4 Bc5 4. d3 Nf6 5. Nbd2 O-O 6. O-O d5 7. exd5 Nxd5 8.
Ne4 Be7 9. h3 h6 10. a3 Nb6 11. Ba2 Kh8 12. Re1 f5 13. Ng3 Bd6 14. b4 e4 15.
dxe4 Qf6 16. Rb1 f4 17. Nf1 Qg6 18. Kh1 Ne5 19. Bb2 Nbc4 20. Bxe5 Nxe5 21. Nxe5
Bxe5 22. Qf3 a5 23. b5 a4 24. Nd2 Bd4 25. Kh2 c6 26. Bc4 cxb5 27. Rxb5 Bd7 28.
Rxb7 Bc6 29. Rbb1 Rad8 30. Bd3 Qd6 31. Nc4 Qc7 32. Kg1 Qa7 33. Rec1 Bb7 34. c3
Bf6 35. Bf1 Rfe8 36. Re1 Ba6 37. e5 Be7 38. Nd6 Rf8 39. Bxa6 Bxd6 40. exd6 Qxa6
41. Rb4 Qxd6 42. Rxa4 Qd2 43. Rae4 Rd3 44. Qg4 Qxc3 45. a4 Rd5 46. Re8 Rd8 47.
Qh5 Qd4 48. R8e4 Qd2 49. R4e2 Qd4 50. Re4 Qd2 51. Qe2 Qd6 52. Qf3 Qd2 53. R4e2
Qb4 54. Qe4 Qc5 55. Rc2 Qa5 56. Rec1 Qg5 57. Qf3 Qe5 58. Rc5 Qd4 59. a5 Ra8 60.
Qg4 Qb2 61. Rc8 Qb4 62. R1c7 Qd4 63. a6 Raxc8 64. Rxc8 Rxc8 65. Qxc8+ Kh7 66.
Qf5+ Kh8 67. Qf8+ Kh7 68. Qa3 Qa7 69. Qd3+ Kh8 70. Qb5 Kh7 71. Qb7 Qc5 72. a7
Qc1+ 73. Kh2 f3 74. a8=Q 1-0

[Event "Spring open (woman)"]
[Site "Budapest"]
[Date "2015.04.08"]
[Round "2"]
[White "Terbe, Zsuzsanna"]
[Black "Papp, Andrea"]
[Result "1-0"]
[WhiteElo "2129"]
[BlackElo "1556"]
[PlyCount "65"]
[EventDate "2015.04.07"]
[EventType "swiss"]
[EventRounds "9"]
[EventCountry "HUN"]
[Source "Hun. Chess Fed."]
[SourceDate "2015.04.15"]

1. e4 d6 2. d4 e5 3. Nf3 exd4 4. Nxd4 Nf6 5. Nc3 c6 6. Be2 Be7 7. O-O O-O 8.
Re1 Nbd7 9. f4 Nc5 10. Bf3 Ne8 11. Kh1 Ne6 12. Nf5 Bf6 13. Be3 g6 14. Nh6+ Kg7
15. Ng4 h5 16. Nxf6 Nxf6 17. Qd2 Kh7 18. Rad1 Ng4 19. Bxg4 hxg4 20. Qxd6 Qh4
21. g3 Qh3 22. f5 Re8 23. fxe6 Bxe6 24. Bg5 Bc4 25. b3 f6 26. Qc7+ Kg8 27. Bxf6
Bf7 28. Rd7 Rf8 29. Be7 Bd5 30. Bxf8 Rxf8 31. Rd8 Qh6 32. exd5 Qd2 33. Rxf8+
1-0

[Event "Spring open (woman)"]
[Site "Budapest"]
[Date "2015.04.08"]
[Round "2"]
[White "Demeter, Dorina"]
[Black "Erseki, Tamara"]
[Result "0-1"]
[WhiteElo "1662"]
[BlackElo "1861"]
[PlyCount "48"]
[EventDate "2015.04.07"]
[EventType "swiss"]
[EventRounds "9"]
[EventCountry "HUN"]
[Source "Hun. Chess Fed."]
[SourceDate "2015.04.15"]

1. d4 Nf6 2. Nf3 e6 3. Bf4 d5 4. e3 c5 5. c3 Nc6 6. Nbd2 Be7 7. Bd3 O-O 8. O-O
c4 9. Bc2 Qa5 10. e4 dxe4 11. Nxe4 Nd5 12. Bg3 b5 13. Qe2 Qb6 14. b3 cxb3 15.
axb3 Bb7 16. Ne5 Rad8 17. Qd3 f5 18. Nd2 Bf6 19. Nxc6 Qxc6 20. Nf3 Nxc3 21.
Rxa7 Rxd4 22. Qe3 f4 23. Bxf4 Rxf4 24. Qxf4 Ne2+ 0-1